[Event "Pedavena op-B 2nd"]
[Site "Pedavena"]
[Date "2006.08.05"]
[Round "7"]
[White "Dal Pra Caputo, Stefano"]
[Black "Azzinaro, Luca"]
[Result "1-0"]
[WhiteElo "1461"]
[BlackElo "1404"]
[PlyCount "108"]
[EventDate "2006.08.01"]
[EventType "swiss"]
[EventRounds "7"]
[EventCountry "ITA"]
[SourceTitle "EXT 2023"]
[Source "ChessBase"]
[SourceDate "2022.10.05"]
[SourceVersion "1"]
[SourceVersionDate "2022.10.05"]
[SourceQuality "1"]

1. d4 d5 2. Nf3 Nf6 3. Bf4 e6 4. e3 Be7 5. Bd3 0-0 6. Nbd2 Nbd7 7. h4 c5 8. c3 c4 9. Bc2 h6 10. g4 Nxg4 11. Rg1 Ndf6 12. Ne5 h5 13. Qf3 Nxe5 14. dxe5 Ng4 15. Rxg4 hxg4 16. Qxg4 f5 17. exf6 Rxf6 18. Be5 Qe8 19. 0-0-0 Qf7 20. Bxf6 Bxf6 21. Bg6 Qc7 22. Qh5 Rb8 23. Qh7+ Kf8 24. Qh8+ Ke7 25. Qg8 Kd6 26. Ne4+ Kc6 27. Nxf6 gxf6 28. Qf7 Qxf7 29. Bxf7 Bd7 30. Rg1 Rf8 31. Rg7 b6 32. h5 Be8 33. Bxe8+ Rxe8 34. h6 Rh8 35. h7 a5 36. Kd2 Kd6 37. f4 f5 38. Ke2 b5 39. Ra7 Kc5 40. Re7 Kd6 41. Ra7 a4 42. Kf3 e5 43. Ra6+ Kc5 44. Rh6 e4+ 45. Kg3 b4 46. Kh4 bxc3 47. bxc3 d4 48. exd4+ Kd5 49. Kg5 e3 50. Kf6 e2 51. Rh1 Rg8 52. Re1 Re8 53. Rxe2 Rxe2 54. h8Q Rxa2 1-0

[Event "Bresso op 5th"]
[Site "Bresso"]
[Date "2006.06.15"]
[Round "1"]
[White "Ronconi, Fausto"]
[Black "Azzinaro, Luca"]
[Result "1-0"]
[WhiteElo "1703"]
[BlackElo "1398"]
[PlyCount "181"]
[EventDate "2006.06.15"]
[EventType "swiss"]
[EventRounds "6"]
[EventCountry "ITA"]
[SourceTitle "CBM 112 Extra"]
[Source "ChessBase"]
[SourceDate "2006.07.14"]
[SourceVersion "1"]
[SourceVersionDate "2006.07.14"]
[SourceQuality "1"]

1. d4 d5 2. c4 e6 3. Nc3 Nf6 4. Bg5 Nbd7 5. Nf3 c6 6. cxd5 cxd5 7. e3 Be7 8. Bd3 0-0 9. 0-0 a6 10. Qc2 b5 11. b3 Bb7 12. Rac1 Rc8 13. Qb1 h6 14. Bh4 Bd6 15. Ne2 Qb6 16. Bg3 Bxg3 17. Nxg3 Rc6 18. Rxc6 Bxc6 19. b4 Rc8 20. Rc1 Bb7 21. Rxc8+ Bxc8 22. Qc2 Bb7 23. Nd2 Qc6 24. Nb3 Qxc2 25. Bxc2 Nb8 26. Nc5 Bc8 27. f3 Nfd7 28. Kf2 Nxc5 29. dxc5 Nc6 30. a3 Ne5 31. Ke2 Bd7 32. Bb3 g6 33. Kd2 Nc6 34. Ne2 Kf8 35. Nd4 Nxd4 36. exd4 Ke7 37. Ke3 f6 38. f4 Bc6 39. Bc2 g5 40. Kf3 f5 41. g4 Bd7 42. Kg3 fxg4 43. fxg5 hxg5 44. Bd1 Kf6 45. Bxg4 Be8 46. Kf2 Bd7 47. Ke3 Bc6 48. Kd2 Be8 49. Kc3 Bc6 50. Kb3 Ke7 51. Be2 Kf6 52. Kb2 Bd7 53. a4 Kf5 54. axb5 axb5 55. Kc3 Ke4 56. Bg4 Kf4 57. h3 Ke3 58. c6 Bxc6 59. Bxe6 Ke4 60. Bg4 Be8 61. Be2 Bd7 62. Bf1 Kf4 63. Kd2 Kg3 64. Ke3 g4 65. hxg4 Kxg4 66. Bg2 Bc6 67. Bf3+ Kg5 68. Be2 Kf6 69. Kf4 Bd7 70. Bf3 Bc6 71. Bg4 Bb7 72. Bd7 Ba6 73. Bc6 Ke6 74. Be8 Kf6 75. Bd7 Bb7 76. Bxb5 Ba8 77. Ba6 Ke7 78. Ke5 Bc6 79. Be2 Kd8 80. Bf3 Ke7 81. Bxd5 Bd7 82. Bc4 Kd8 83. b5 Kc7 84. Kd5 Be8 85. Kc5 Bd7 86. d5 Kb8 87. Kb6 Be8 88. d6 Bd7 89. Bd5 Kc8 90. Bc6 Be6 91. Kc5 1-0